00246nam a2200097Ia 4500008004100000100001500041245003500056260003300091942000700124999001700131190216s9999||||xx |||||||||||||| ||und|| aKamaleswar 0aHindi-Samudr Me Geya Hua Athmi bPoomkavanam Books Publishers cBK c18309d18309